000 00244nam a22001097a 4500
082 _a900 DAV'O
100 _aDAVIES, H. A
_957685
245 _aAN OUTLINE HISTORY OF THE WORLD
260 _aLONDON
_bOXFORD
_c1946
300 _a575P
942 _cBK
999 _c567958
_d567958